000 00471nmm a2200169Ia 4500
008 251105s9999||||xx |||||||||||||||||und||
020 _a9788499402161
041 _aspa
100 _aMartínez Ruiz, José
245 0 _aLa fuerza del amor
264 _a[Madrid, España] :
_bBiblioteca Nueva,
_c2011
300 _a104 páginas
490 _aBiblioteca Azorín
650 _aSpanish theater
856 _uhttps://public.digitaliapublishing.com/a/14833
942 _cCF
999 _c92630
_d92630